Candide and Other Stories /

Сохранить в:
Библиографические подробности
Главный автор: Voltaire.
Другие авторы: Pearson, Roger (translated.)
Формат:
Язык:English
French
Опубликовано: London : David Campbell, 1992.
Предметы:
Метки: Добавить метку
Нет меток, Требуется 1-ая метка записи!
Thư viện lưu trữ: Mạng thư viện Đại học Đà Nẵng
LEADER 01078cam a2200409 i 4500
001 000047338
003 6948
005 20030410152940.0
008 010309|1992 vm 000 eng
020 |a 1857151305 
022 |a T 
040 |a IRC  |c IRC  |d IRC 
041 1 |a eng  |h fre 
082 1 4 |a 843.5  |b VOL- 
100 1 |a Voltaire. 
245 0 0 |a Candide and Other Stories /  |c Voltaire ; Translated from the French by Roger Pearson. 
260 |a London :  |b David Campbell,  |c 1992. 
300 |a 307p. ;  |c 20.5cm. 
600 1 5 |a Voltaire,  |d 1694-1778. 
630 0 4 |a French literature. 
630 0 4 |a French stories. 
630 0 4 |a Voltaire. 
630 0 4 |a Candide. 
630 0 4 |a Candide and Other Stories. 
650 0 4 |a Literature, French  |x Stories. 
650 0 4 |a Voltaire,  |d 1694-1778. 
700 1 |a Pearson, Roger,  |e translated. 
OWN |a DUT 
999 |a From the UDN01 
TYP |a Monograph 
TYP |a Printed language 
980 |a Mạng thư viện Đại học Đà Nẵng